000 03706nam a2200349 i 4500
001 000048095
003 DO-SdBNP
005 20250715091156.0
007 ta
008 181112s2015 dr ac 000 0 spa d
020 _a9789945586442
040 _aDO-SdBNP
_bspa
_cBNPHU
_erda
041 _aspa
082 4 _axxxx
_bS474m
_222
100 _aSención Silverio, Lorenzo,
_d1935-
_eautor
_4aut.
_975574
245 1 4 _aLas mentiras de la sangre /
_cLorenzo Sención Silverio ; cuidado de edición y diagramación, Juan Francisco Domínguez Novas.
250 _aPrimera edición
264 4 _aSanto Domingo :
_bArchivo General de la Nación,
_c©2015.
300 _a290 páginas :
_bilustraciones, retratos ;
_c23 cm.
336 _atexto
_btxt
_2rdacontent
337 _asin mediación
_bn
_2rdamedia
338 _avolumen
_bnc
_2rdacarrier
490 1 _aArchivo General de la Nación
_v205
500 _aIncluye referencias bibliográficas y notas al pie de las páginas.
500 _aIncluye datos biográficos del autor en las solapas.
504 _aBibliografía : páginas 241-242
505 0 _aPresentación /
_rRoberto Cassá--
_tPrólogo /
_rArlette Fernández --
_tYo, Lorenzo Sención Silverio (reseña autobiográfica) --
_tDe la vida rural y pueblerina a la militar --
_tIngreso a la Academia Militar de la Aviación Dominicana --
_tEl transito forzado por el inacabado hospital Dr. Darío Contreras --
_tEl oficial --
_tEn el Ejército Nacional --
_tEn el golpe de Estado del General Rodríguez Echavarría; reingresos y cancelación de las Fuerzas Armadas --
_tEn el movimiento constitucionalista, la Revolución de Abril de 1965 y el asalto al Hotel Matum --
_tPersecución, exilio, regreso a la vida civil y reintegración en condición de retiro --
_tMi testimonio de 1998 --
_tBreve introducción --
_tEl testimonio --
_tDos testimonios de crédito indiscutible --
_tTestimonio del mayor (R) ERD Manuel Valenzuela Cabral --
_tTestimonio del doctor Abelardo Herrera Piña --
_tTres premisas que ameritan ser conocidas --
_tMi relación personal y militar con el teniente Jean Awad Canaán --
_tJean Awad Canaán buscaba peloteros --
_tJean Awad Canaán, diestro pero temerario conductor --
_tEl infortunado viaje de Jean Awad Canaán a San Juan De la Maguana --
_tLa muerte de Jean Awad Canaán, un motivo para dos libros --
_tAnálisis de los testimonios presentes en la Verdad de la Sangre --
_tBreve introducción --
_tSobre testimonio del chofer Inocencio Montero Ramírez --
_tSobre los testimonios de Bella Herminia Santil, Lillian Rodríguez y un ex oficial militar de la época --
_tSobre testimonio de Bella Herminia Santil --
_tSobre el testimonio de Lillian Rodríguez Marcano --
_tSobre el testimonio de un ex oficial militar de la época --
_tAcerca de las declaraciones del Doctor Felipe Herrera --
_tBreve introducción --
_tTestimonio del doctor Felipe Herrera (extractos y consideraciones) --
505 0 _aEntrevista al doctor Felipe Herrera (extractos y consideraciones)--
_tAnálisis comparativo de las dos entrevistas ofrecidas por el doctor Felipe Herrera (con acotaciones testimoniales de la doctora Lillian Gómez y del doctor Radhamés Cabrera Felipe) --
_t¿Por qué el KM. 22.5 y no el 21? --
_tAnálisis histórico-cartográfico del lugar del accidente --
_tEl mito que no pudo ahogar a la verdad --
_tLa aventurada interpretación de dos crónicas periodísticas --
_tUna inaceptable y desconsiderada conmiseración --
_tConsideraciones finales y conclusiones --
_tAspectos generales --
_tConclusiones puntuales --
_tAclaración final --
_tAnexos --
_tÍndice onomástico.
590 _aInventariado, 2018/LP
700 1 _aDomínguez Novas, Juan Francisco,
_eeditor
_4ed.
_973382
942 _2ddc
_cLBS1
999 _c47583
_d47583